000 01027nam a2200289 i 4500
001 000045173
003 DO-SdBNP
005 20251114101621.0
007 ta
008 150206s2014 dr 000 0 spa d
020 _a9789945492538
040 _aDO-SdBNP
_bspa
_cBNPHU
_erda
041 _aspa
082 4 _axxxx
_bxxxx
_222
100 1 _aSalcedo Camacho, Carlos Ramón,
_eautor
_4aut.
_973180
245 1 0 _aUn país a medio hacer /
_cCarlos Ramón Salcedo Camacho ; prólogo, Milton L. Ray Guevara.
264 4 _aSanto Domingo, República Dominicana :
_bMinisterio de Cultura,
_c©2014.
300 _a318 páginas ;
_c24 cm.
336 _atexto
_btxt
_2rdacontent
337 _asin mediación
_bn
_2rdamedia
338 _avolumen
_bnc
_2rdacarrier
500 _aIncluye datos biográficos del autor en las solapas
500 _aIncluye referencias bibliográficas y notas al pie de las páginas.
590 _aInventariado, 2025/BT
700 1 _aMilton Ray Guevara,
_d1948-
_eprologuista
_4pr.
_978143
942 _2ddc
_cLBS1
999 _c44662
_d44662